Baltimore Ravens Trivia - Statistics

General Stats
  • This quiz has been taken 342 times
  • The average score is 5 of 15
Answer Stats
Hint Answer % Correct
City they are set in Baltimore
98%
Current Head Coach John Harbaugh
77%
Name of home stadium M&T Bank Stadium
65%
AFC North divisional rival team Pittsburgh Steelers
61%
# of Super Bowl Wins Two
51%
AFC Championship years 2000 2012
27%
Animal of the above Ravens
24%
Years of the above 2001 2013
18%
Owner Steve Bisciotti
11%
HQ location Owings Mills
10%
Team Colors Purple Gold Black
9%
Mascot names Poe Rise Conquer
3%
All time record 196-162-1
1%
AFC North Division Championship Years 2003 2006 2011 2012
1%
Date Founded 2-9-96
1%
No matching quizzes found
Score Distribution
Percent of People with Each Score
Percentile by Number Answered
Your Score History
You have not taken this quiz